Central Library OPAC University of Rajshahi

Asian political systems : (Record no. 78452)

MARC details
000 -LEADER
fixed length control field 00915nam a2200265 a 4500
001 - CONTROL NUMBER
control field 78452
003 - CONTROL NUMBER IDENTIFIER
rucl marc code BD-RjUL
005 - DATE AND TIME OF LATEST TRANSACTION
control field 20211209083130.0
008 - FIXED-LENGTH DATA ELEMENTS--GENERAL INFORMATION
fixed length control field 210923s1968 nju b 000 0 eng
035 ## - SYSTEM CONTROL NUMBER
System control number (BD-RjUL)78678
040 ## - CATALOGING SOURCE
Original cataloging agency DLC
Transcribing agency DLC
Modifying agency DLC
-- BD-RjUL
Language of cataloging eng
041 ## - LANGUAGE CODE
Language code of text/sound track or separate title eng
082 00 - DEWEY DECIMAL CLASSIFICATION NUMBER
Edition number 23
Classification number 320.095
Author mark and year ASI 1968
245 00 - TITLE STATEMENT
Title Asian political systems :
Remainder of title readings on China, Japan, India, [and] Pakistan /
Statement of responsibility, etc. Edited by Betty B. Burch [and] Allan B. Cole.
260 ## - PUBLICATION, DISTRIBUTION, ETC. (IMPRINT)
Place of publication, distribution, etc. Princeton, N.J. :
Name of publisher, distributor, etc. Van Nostrand,
Date of publication, distribution, etc. 1968
300 ## - PHYSICAL DESCRIPTION
Pagination xii, 446 p.;
Size 23 cm.
490 0# - SERIES STATEMENT
Series statement Van Nostrand political science series
504 ## - BIBLIOGRAPHY, ETC. NOTE
Bibliography, etc Bibliography: p. 441-446.
651 #0 - SUBJECT ADDED ENTRY--GEOGRAPHIC NAME
Geographic name Asia
General subdivision Politics and government
Chronological subdivision 1945-
9 (RLIN) 248380
700 1# - ADDED ENTRY--PERSONAL NAME
Personal name Burch, Betty B.
Fuller form of name (Betty Brand),
Relator term comp.
Personal name Cole, Allan B.
Fuller form of name (Allan Burnett),
Dates associated with a name 1914,
Relator term joint comp.
942 ## - ADDED ENTRY ELEMENTS (KOHA)
Source of classification or shelving scheme Dewey Decimal Classification
Koha item type Books
Holdings
Lost status Source of classification or shelving scheme Damaged status Not for loan Collection code Permanent Location Current Location Shelving location Date acquired Source of acquisition Cost, normal purchase price Total Checkouts Full call number Date last seen Copy number Koha item type
  Dewey Decimal Classification   Not For Loan Non-fiction Central Library, University of Rajshahi Central Library, University of Rajshahi Reading Room 15/01/1975 M. Obidul Haq 43.75   320.095 ASI 1968 23/09/2021 C-1 Books